Diseño industrial: artefacto y proyecto
Gorde:
| Egile nagusia: | |
|---|---|
| Formatua: | Liburua |
| Hizkuntza: | gaztelania |
| Argitaratua: |
Madrid
Alberto Corazón
1975
|
| Saila: | Documentación. Debates
|
| Gaiak: | |
| Etiketak: |
Etiketa erantsi
Etiketarik gabe, Izan zaitez lehena erregistro honi etiketa jartzen!
|
MARC
| LEADER | 00000nam a2200000 a 4500 | ||
|---|---|---|---|
| 001 | UCV7516 | ||
| 003 | CL-VaPUC | ||
| 008 | 880615e19750000SP |||||||||||||||||spa|d | ||
| 082 | 0 | 4 | |a 745.4 |b BON |2 21 |
| 100 | 0 | |a Bonsiepe, Gui |e author |9 301642 | |
| 245 | 1 | 0 | |a Diseño industrial: artefacto y proyecto |
| 300 | |a 252 p | ||
| 942 | |c BK | ||
| 945 | |d 19880615 00:00:00 | ||
| 260 | |a Madrid |b Alberto Corazón |c 1975 | ||
| 650 | 0 | |a Diseño industrial |9 262726 | |
| 583 | |a last modification |c 19880615 00:00:00 |k Rodrigo Vera | ||
| 490 | 0 | |a Documentación. Debates | |
| 999 | |c 213177 |d 213175 | ||
| 952 | |0 0 |1 0 |4 0 |6 745_400000000000000_BON_1975 |7 0 |8 A |9 195294 |a BIBARQ |b BIBARQ |d 2019-11-14 |i 2633620 |l 3 |m 1 |o 745.4 BON 1975 |p 2633620 |r 2025-01-20 |s 2024-05-22 |w 2019-11-14 |y BK |k ARQ | ||